Moderne Länder, die von den Mittelmächten im 1.Weltkrieg eingenommen - Statistiken

Allgemein
  • Dieses Quiz wurde 236 mal gespielt
  • Das Durchschnittsergebnis liegt bei 9 aus 15
Antwortstatistiken
Land % Korrekt
Belgien
90%
Polen
89%
Serbien
77%
Luxemburg
75%
Rumänien
66%
Lettland
65%
Litauen
65%
Estland
64%
Ukraine
62%
Belarus
59%
Montenegro
54%
Albanien
52%
Aserbaidschan
34%
Georgien
34%
Armenien
32%
Keine übereinstimmenden Quizze gefunden
Verteilung der Resultate
Anzahl Personen mit jedem Resultat
Perzentil nach korrekt beantworteten Fragen
Ihre Resultats-Entwicklung
Sie haben dieses Quiz noch nicht gespielt